000 01506cam a22003855i 4500
999 _c28615
_d28586
001 14880166
003 EG-ScBUE
005 20200826155010.0
008 180402s2020 enkab f b 001 0 eng d
020 _a9781472589989 (set)
020 _a147258998X
020 _a9781472527882 (volume 1)
020 _a9781472589972 (volume 2)
035 _a(DLC) 2018015886
035 _a14880166
040 _aDLC
_beng
_erda
_cDLC
_dOCLCO
_dOCLCF
_dYDX
_dEG-ScBUE
082 0 4 _a720.9
_bFLE
_222
100 1 _aFletcher, Banister,
_cSir,
_d1866-1953,
_eauthor.
240 1 0 _aHistory of architecture
245 1 0 _aSir Banister Fletcher's global history of architecture /
_cgeneral editor: Murray Fraser ; managing editor Catherine Gregg.
250 _aTwenty-first edition.
264 1 _aLondon ;
_aNew York :
_bBloomsbury Visual Arts :
_bUniversity of London :
_bRIBA,
_c2020.
300 _a2 volumes ;
_c26 cm
336 _atext
_btxt
_2rdacontent
337 _aunmediated
_bn
_2rdamedia
338 _avolume
_bnc
_2rdacarrier
504 _aIncludes bibliographical references and index.
505 0 _aC. 3500 BCE to c. 500 BCE -- c. 500 BCE to c. 500 CE -- c. 500 CE to c. 1000 CE -- c. 1000 CE to c. 1500 CE -- c. 1500 CE to c. 1800 CE -- c. 1800 CE to c. 1900 CE -- c. 1900 to present day.
650 7 _aArchitecture
_xHistory.
_2BUEsh
653 _bENGARC
_cAugust2020
655 _vReading book
_934232
700 1 _aFraser, Murray,
_eeditor.
700 1 _aGregg, Catherine,
_eeditor.
942 _2ddc
_cBB